| 000 | 00700nam a22002297a 4500 | ||
|---|---|---|---|
| 003 | DO-SdBNP | ||
| 005 | 20230426140137.0 | ||
| 008 | 180209b 1997 sp || 00| 0 spa d | ||
| 020 | _a8432240486 | ||
| 040 |
_aBPMSU _bspa _cBPMSU |
||
| 082 | 4 |
_a843.91 _bL313m 1997 _222 |
|
| 100 | 1 |
_aLapierre, Dominique, _d1931- |
|
| 245 |
_aMil soles / _cDominique Lapierre ; traducción Pilar Giralt Gorina |
||
| 260 |
_aBarcelona : _bEditorial Planeta, _c1997 |
||
| 300 |
_a475 p. ; _c26 cm. |
||
| 590 | _6Inventariado, 2023/VM | ||
| 650 | 4 | _a Novela francesa | |
| 650 | 4 |
_aProblemas sociales _vNovela |
|
| 700 | 1 |
_a Giralt Gorina, Pilar, _etr. |
|
| 910 | _aVMatero V.Control de calidad (BPMSU) | ||
| 942 |
_2ddc _cBK |
||
| 999 |
_c13274 _d13274 |
||